| 000 | 00494nam a2200217Ia 4500 | ||
|---|---|---|---|
| 003 | 0100 | ||
| 008 | 130303s9999 xx 000 0 und d | ||
| 020 | _a0534178804 | ||
| 040 | _cARRUPELIB | ||
| 050 | _aBC177.S387 1992 | ||
| 100 | _aSeech, Zachary | ||
| 245 | _aOpen minds and everyday reasoning | ||
| 260 | _aBelmont CA | ||
| 260 | _bWadsworth Pub. Co. | ||
| 260 | _C1992 | ||
| 300 | _a288p. | ||
| 300 | _b 21cm | ||
| 650 | _aLOGIC | ||
| 650 | _bBelief and doubt | ||
| 942 | 0 | 0 | _03 |
| 999 |
_c19694 _d19694 |
||